Catálogo público

Encinos y robles (Record no. 55198)

MARC details
000 -CABECERA
campo de control de longitud fija 01182cam a22003617a 4500
003 - IDENTIFICADOR DEL NÚMERO DE CONTROL
campo de control CHAP
005 - FECHA Y HORA DE LA ÚLTIMA TRANSACCIÓN
campo de control 20220329140635.0
008 - DATOS DE LONGITUD FIJA--INFORMACIÓN GENERAL
campo de control de longitud fija 971013d1995 mx b r 00110 spa d
010 ## - NÚMERO DE CONTROL DE LA BIBLIOTECA DEL CONGRESO
Número de control de LC 55198
011 ## - ENLACE DEL NUMERO DE CONTROL DE LA BIBLIOTECA DEL CONGRESO [OBSOLETO]
Número de control de LC 56170
020 ## - NÚMERO INTERNACIONAL ESTÁNDAR DEL LIBRO
Número Internacional Estándar del Libro 9688843318
035 ## - NÚMERO DE CONTROL DEL SISTEMA
Número de control de sistema 60323
040 ## - FUENTE DE LA CATALOGACIÓN
Centro/agencia transcriptor CHAP
090 ## - LOCALMENTE ASIGNADO TIPO-LC NÚMERO DE CLASIFICACIÓN (OCLC); NÚMERO DE CLASIFICACIÓN LOCAL (RLIN)
Número de clasificación (OCLC) (R) ; Numero de clasificación, CALL (RLIN) (NR) Folleto 14531
100 00 - ENTRADA PRINCIPAL--NOMBRE DE PERSONA
Nombre de persona Zavala Chávez, Fernando.
9 (RLIN) 123771
245 10 - MENCIÓN DE TÍTULO
Título Encinos y robles
Resto del título : notas fitogeográficas
Mención de responsabilidad, etc. /por Fernando Zavala Chávez
260 ## - PUBLICACIÓN, DISTRIBUCIÓN, ETC.
Lugar de publicación, distribución, etc. Chapingo, Méx. :
Nombre del editor, distribuidor, etc. UACH,
Fecha de publicación, distribución, etc. 1995.
300 ## - DESCRIPCIÓN FÍSICA
Extensión 44 p.
Otras características físicas ; mapas
500 ## - NOTA GENERAL
Nota general c.5-8 en bodega
590 ## - NOTA LOCAL (RLIN)
Nota local BATCH-UPD
Procedencia (VM) [OBSOLETO] 10
Condición del los carretes individuales (VM) [OBSOLETO] 20130110
-- UCH01
-- 1535
590 ## - NOTA LOCAL (RLIN)
Nota local BATCH-UPD
Procedencia (VM) [OBSOLETO] 10
Condición del los carretes individuales (VM) [OBSOLETO] 20130410
-- UCH01
-- 0940
590 ## - NOTA LOCAL (RLIN)
Nota local BATCH-UPD
Procedencia (VM) [OBSOLETO] 10
Condición del los carretes individuales (VM) [OBSOLETO] 20130914
-- UCH01
-- 1415
590 ## - NOTA LOCAL (RLIN)
Nota local CONVERSION
Procedencia (VM) [OBSOLETO] 10
Condición del los carretes individuales (VM) [OBSOLETO] 20130109
-- UCH01
-- 1330
650 14 - PUNTO DE ACCESO ADICIONAL DE MATERIA--TÉRMINO DE MATERIA
Término de materia o nombre geográfico como elemento de entrada Fitogeografía.
9 (RLIN) 41157
650 14 - PUNTO DE ACCESO ADICIONAL DE MATERIA--TÉRMINO DE MATERIA
Término de materia o nombre geográfico como elemento de entrada Quercus.
9 (RLIN) 93173
901 ## - ELEMENTOS DE DATOS A LOCAL LDA (RLIN)
a BK
905 ## - ELEMENTOS DE DATOS E LOCAL, LDE (RLIN)
a Alejandra Carrasco M.
942 ## - ELEMENTOS DE PUNTO DE ACCESO ADICIONAL (KOHA)
Tipo de ítem Koha Folleto
949 ## - PROCESAMIENTO DE INFORMACIÓN LOCAL (OCLC)
a Folleto 14531
b BC
c FOLL
d -153097
e TS1
i 60323
s i
949 ## - PROCESAMIENTO DE INFORMACIÓN LOCAL (OCLC)
a Folleto 14531
b BC
c FOLL
d -153098
e TS2
f c.2
i 60323
s i
949 ## - PROCESAMIENTO DE INFORMACIÓN LOCAL (OCLC)
a Folleto 14531
b BC
c FOLL
d -153099
e TS2
f c.3
i 60323
s i
949 ## - PROCESAMIENTO DE INFORMACIÓN LOCAL (OCLC)
a Folleto 14531
b BC
c UACH
d -153100
e UACH
f c.4
i 60323
s i
Holdings
Estado de retiro Estado de pérdida Fuente del sistema de clasificación o colocación Estado dañado Restricciones de uso No para préstamo Código de colección Localización permanente Ubicación/localización actual Ubicación en estantería Fecha de adquisición Información codificada de la localización en otra ubicación Total de préstamos Signatura topográfica completa Código de barras Fecha visto por última vez Precio válido a partir de Tipo de ítem Koha Número de copia Nota pública
    Clasificación Universidad Autónoma de Chapingo   Préstamo interno   Folletos Biblioteca Central Biblioteca Central Planta alta - Área de Tesis - Folletos 17/12/2012 FOLL   Folleto 14531 -153097 31/12/2019 17/12/2012 Folleto    
    Clasificación Universidad Autónoma de Chapingo   Préstamo 3 días   Folletos Biblioteca Central Biblioteca Central Planta alta - Área de Tesis - Folletos 17/12/2012 FOLL   Folleto 14531 -153098 31/12/2019 17/12/2012 Folleto c.2  
    Clasificación Universidad Autónoma de Chapingo   Préstamo 3 días   Folletos Biblioteca Central Biblioteca Central Planta alta - Área de Tesis - Folletos 17/12/2012 FOLL   Folleto 14531 -153099 31/12/2019 17/12/2012 Folleto c.3  
        Préstamo interno   Folletos Centro Regional San Luis Acatlán Centro Regional San Luis Acatlán   28/07/2016 FOLL   Folleto 14531 02000000411 31/12/2019 31/12/2019 Folleto c.2 Recien adquirido
        Préstamo interno2   Folletos Centro Regional San Luis Acatlán Centro Regional San Luis Acatlán   28/07/2016 FOLL   Folleto 14531 02000000412 31/12/2019 31/12/2019 Folleto   Recien adquirido
        Préstamo interno   Folletos Centro Regional San Luis Acatlán Centro Regional San Luis Acatlán   17/12/2012 FOLL   Folleto 14531 02000000509 31/12/2019 31/12/2019 Folleto c.3 Recien adquirido
        Préstamo interno   Folletos Centro Regional San Luis Acatlán Centro Regional San Luis Acatlán   07/09/2016 FOLL   Folleto 14531 02000000510 31/12/2019 31/12/2019 Folleto c.4 Recien adquirido